Educating the Educator:The Unfinished Agenda of NEP 2020 (Record no. 13830)

MARC details
000 -LEADER
fixed length control field 00402nam a22001577a 4500
003 - CONTROL NUMBER IDENTIFIER
control field OSt
008 - FIXED-LENGTH DATA ELEMENTS--GENERAL INFORMATION
fixed length control field 260218b |||||||| |||| 00| 0 eng d
020 ## - INTERNATIONAL STANDARD BOOK NUMBER
International Standard Book Number 9789347435478
082 ## - DEWEY DECIMAL CLASSIFICATION NUMBER
Classification number 379.54 SAE
100 ## - MAIN ENTRY--PERSONAL NAME
Personal name SANAY,Vikram
245 ## - TITLE STATEMENT
Title Educating the Educator:The Unfinished Agenda of NEP 2020
250 ## - EDITION STATEMENT
Edition statement -
260 ## - PUBLICATION, DISTRIBUTION, ETC. (IMPRINT)
Place of publication, distribution, etc New Delhi
Name of publisher, distributor, etc Har Anand Publication
Date of publication, distribution, etc 2026
300 ## - PHYSICAL DESCRIPTION
Extent 240p
942 ## - ADDED ENTRY ELEMENTS (KOHA)
Source of classification or shelving scheme Dewey Decimal Classification
Koha item type Reference Books
Holdings
Withdrawn status Lost status Source of classification or shelving scheme Damaged status Not for loan Collection code Home library Current library Date acquired Source of acquisition Currency Cost, normal purchase price Bill Number Total Checkouts Full call number Acc. no. / Barcode Date last seen Actual Cost, discounted price Bill Date Koha item type Public note
    Dewey Decimal Classification     GENERAL PIET C-LIBRARY PIET C-LIBRARY 04/01/2026 Har-Anand Publication Pvt. Ltd In rupees 499.00 332   379.54 SAE 39867 18/02/2026 299.00 04/01/2026 Reference Books Decentrilization

Design & Developed by: PIET Central Library
R70 Miles Stone Pattikalyana Samalkha Panipat 132102
mail ID :- [email protected], Phone No:- 0180-2569700 Ex.216